000 00788cab a2200205 4500
001 L136446
008 070131n2007 000 0 eng u
035 _a(Sirsi) u136446
041 0 _aeng
100 1 _aGardiner, Joey
245 0 2 _aA super agency primer
260 _c2007
490 0 0 _aRegeneration and Renewal
_v26 January 2007, 18-19(2)
520 _aLooks at what is - and isn't - known about England's new housing regeneration agency, Communities England. Asks what the agency will do, how much money it will have to spend, whether it will take on other roles, and what the interim arrangements are, amongst other issues.
590 _aKA
650 2 4 _aCOMMUNITIES ENGLAND
651 4 _aEngland
_y886-
690 _aPROPERTY-PROPERTY MANAGEMENT-REGENERATION
942 _n0
999 _c78297
_d78297